Computer Graphics using Open GL (Record no. 11399)

MARC details
000 -LEADER
fixed length control field 00396nam a22001697a 4500
003 - CONTROL NUMBER IDENTIFIER
control field OSt
008 - FIXED-LENGTH DATA ELEMENTS--GENERAL INFORMATION
fixed length control field 220616b ||||| |||| 00| 0 eng d
020 ## - INTERNATIONAL STANDARD BOOK NUMBER
International Standard Book Number 9789332555303
082 ## - DEWEY DECIMAL CLASSIFICATION NUMBER
Classification number 006.6 JRC
100 ## - MAIN ENTRY--PERSONAL NAME
Personal name JR,Hill francis S
245 ## - TITLE STATEMENT
Title Computer Graphics using Open GL
250 ## - EDITION STATEMENT
Edition statement 3rd
260 ## - PUBLICATION, DISTRIBUTION, ETC. (IMPRINT)
Place of publication, distribution, etc Noida
Name of publisher, distributor, etc Pearson
Date of publication, distribution, etc 2022
300 ## - PHYSICAL DESCRIPTION
Extent 778
700 ## - ADDED ENTRY--PERSONAL NAME
Personal name Kelley,Stephen M
942 ## - ADDED ENTRY ELEMENTS (KOHA)
Source of classification or shelving scheme Dewey Decimal Classification
Koha item type Text Books
Holdings
Withdrawn status Lost status Source of classification or shelving scheme Damaged status Not for loan Collection code Home library Current library Date acquired Source of acquisition Currency Cost, normal purchase price Bill Number Total Checkouts Full call number Acc. no. / Barcode Date last seen Actual Cost, discounted price Bill Date Koha item type
    Dewey Decimal Classification     B.Tech(CSE) PIET C-LIBRARY PIET C-LIBRARY 14/06/2022 Kirti Prakashan Indian Rup 939.00 IN381   006.6 JRC 33749 16/06/2022 638.52 14/06/2022 Text Books

Design & Developed by: PIET Central Library
R70 Miles Stone Pattikalyana Samalkha Panipat 132102
mail ID :- [email protected], Phone No:- 0180-2569700 Ex.216